1175 1453 1703 1494 1387 1208 1037 1067 1128 1820 1246 1478 1813 1796 1593 1622 1233 1981 1386 1510 1395 1408 1091 1498 1675 1354 1690 1844 1606 1139 1401 1966 1837 1572 1421 1997 1800 1248 1881 1111 1064 1476 1297 1256 1959 1100 1157 1995 1012 1217 1648 1248 1620 1339 1242 1055 1917 1059 1851 1115 1712 1169 1282 1865 1731 1727 1296 1827 1472 1417 1618 1020 1003 1747 1396 1665 1079 1979 2000 1656 1925 1109 1358 1138 1103 1544 1027 1254 1644 1887 1864 1148 1386 1304 1970 1115 1342 1116 1162 BCNSPRNW ULIB Ver.6.0+V

เปลี่ยนเป็นภาษาไทย

Change to English
 แสดงรายละเอียดบรรณานุกรม
  กลับหน้าหลัก

Brief Record : Get Marc (ISO 2709) : E-mail record : QR code < ปิดหน้าต่าง
LEADER : 00000nam 2200000uu 4500
001    13399124223
003     ULIB
008    150202s2003||||th 000 0 tha d
020    9780439567619
099    นง.^bR884H
100 0  Rowling, J.K.
245 00 Harry Potter and the order or the phoenix/^cRowling, J.K.
260    New York:^bArthur A Levene book,^c2003
300    870 page
945    ^p0^l0^i021844
999    ^aเกษร โพธิ์สุวรรณ
รายการนี้ยังไม่มีแท็ก
คุณยังไม่ได้ล็อกอิน คุณสามารถมีกิจกรรมร่วมกับเว็บไซต์ได้ แต่ต้องล็อกอินก่อน ::
  ล็อกอิน

รายการสื่อสารสนเทศ

ลำดับที่ ประเภท เลขเรียก/บาร์โค้ด สถานที่ สถานะ
1. นวนิยาย
นวนิยาย
นง. R884H ฉ.1 
  Barcode: 021844
ห้องสมุดวิทยาเขตนครสวรรค์
►นวนิยาย:l:Fiction
บนชั้น

BibComment


ยังไม่เคยถูกคอมเมนท์

คอมเมนท์ทรัพยากรรายการนี้
  คอมเมนท์: Harry Potter and ..


 Copyright 2026. Bcnsprnw @Library